| 000 | 00699nam a2200217Ia 4500 | ||
|---|---|---|---|
| 003 | OSt | ||
| 005 | 20220926042300.0 | ||
| 006 | a|||||r|||| 00| 0 | ||
| 007 | ta | ||
| 008 | 220923b |||||||| |||| 00| 0 eng d | ||
| 037 | _cGeneral Book | ||
| 040 |
_aRTL _cRTL _beng |
||
| 041 |
_2eng _aeng |
||
| 082 | _aY:(X:75), p7K1 | ||
| 110 |
_aSeminar on Some Aspects of Social planning (Agra) (11-13 Jan 1960) _9346060 |
||
| 245 | 0 |
_aReport _b Suppliment to Journal of Social Sciences |
|
| 650 |
_aScinentific method _9238255 |
||
| 700 |
_aSeminar on Some Aspects of Social planning (Agra) (11-13 Jan 1960) _9346061 |
||
| 942 |
_hY:(X:75), p7K1 _cGB _2CC |
||
| 999 |
_c669378 _d669378 |
||